header

Scribit Mater (Record no. 43757)

MARC details
000 -LEADER
fixed length control field 01981nam a2200409 a 4500
082 04 - DEWEY DECIMAL CLASSIFICATION NUMBER
Classification number 820.9/351
100 1# - MAIN ENTRY--AUTHOR NAME
Personal name Donavin, Georgiana.
245 10 - TITLE STATEMENT
Title Scribit Mater
260 ## - PUBLICATION, DISTRIBUTION, ETC. (IMPRINT)
Place of publication Washington, D.C. :
Name of publisher Catholic University of America Press,
Year of publication c2012.
300 ## - PHYSICAL DESCRIPTION
Number of Pages xiii, 315 p.
505 0# - FORMATTED CONTENTS NOTE
Formatted contents note The English lives of Mary -- John of Garland, gram/marian -- The musical mother tongue in Anglo-Latin poetry for meditation -- Chaucer and dame school -- Mary's mild voice in the Middle English lyrics -- Margery Kempe and the virgin birth of her book.
650 #0 - SUBJECT ADDED ENTRY--TOPICAL TERM
Topical Term Christian literature, English (Middle)
Topical Term English literature
Topical Term Latin literature, Medieval and modern
Topical Term Communication in literature.
Topical Term Rhetoric, Medieval.
Topical Term Language arts
856 40 - ELECTRONIC LOCATION AND ACCESS
Uniform Resource Identifier http://site.ebrary.com/lib/rucke/Doc?id=10642473

No items available.

© 2026 Rongo University
Contact us: librarian | system librarian | Rongo university